The essentials of modern navigation /

Bibliographic Details
Main Author: Wylie, Paul Eugene
Format: Book
Language:English
Published: New York London : Harper & Brothers, 1941.
Subjects:

MARC

Tag First Indicator Second Indicator Subfields
LEADER 00000cam a2200000 4500
001 in00000039744
005 20151007064539.0
008 740319s1941 nyu 00000 eng u
010 |a  41008627  
035 |a (OCoLC)00834412 
035 |9 AAE0084AM 
040 |c CSU  |d TXA  |d UtOrBLW 
049 |a TXAM  |c [102156] 
050 0 |a VK555  |b .W96 
082 0 |a 527 
092 |a 527  |b W983e 
100 1 |a Wylie, Paul Eugene. 
245 1 4 |a The essentials of modern navigation /  |c by Paul E. Wylie. Illustrations by the author. 
264 1 |a New York  |a London :  |b Harper & Brothers,  |c 1941. 
300 |a viii, 1 leaf, 265 pages :  |b including illustrations, tables, diagrams plates. ;  |c 24 cm. 
336 |a text  |b txt  |2 rdacontent 
337 |a unmediated  |b n  |2 rdamedia 
338 |a volume  |b nc  |2 rdacarrier 
500 |a "First edition." 
650 0 |a Navigation. 
999 |a MARS 
999 f f |s 9e3c52d1-63d7-390d-8831-a268f2c871ce  |i a847a595-6f29-3d97-8adc-b2f04292cf3e  |t 0 
952 f f |p ric  |a Texas A&M University  |b Rellis Campus  |c Joint Library Facility  |d Remote Storage  |t 0  |e VK555 .W96  |h Library of Congress classification  |i unmediated -- volume  |m A14800904992 
998 f f |a VK555 .W96  |t 0  |l Remote Storage